| 000 | 00549nam a2200157Ia 4500 | ||
|---|---|---|---|
| 005 | 20241118232131.0 | ||
| 008 | 240331s9999 xx 000 0 und d | ||
| 020 | _a9780802165053 | ||
| 082 |
_bDES _a813 |
||
| 100 | _aDesai,K | ||
| 245 | 4 | _aThe inheritance of loss | |
| 260 |
_aNew York _bGrove Press _c2006 |
||
| 300 | _a357 p ., | ||
| 500 | _aA Book about tradition and modernity, the past and the future- and about the surprising ways both amusing and sorrowful, in which they all connect..... A wide variety of readers should enjoy. | ||
| 942 | _cL | ||
| 999 |
_c5382 _d5382 |
||